| 000 | 00668nam a22001457a 4500 | ||
|---|---|---|---|
| 003 | OSt | ||
| 005 | 20150929105648.0 | ||
| 008 | 150929b xxu||||| |||| 00| 0 eng d | ||
| 040 | _cRUA | ||
| 082 | _aAGR PEK 2011 B047 Or.1 | ||
| 100 |
_91553 _aPEK, KEOKEA. |
||
| 245 | _aThe effctiveness of using natural fertilizer (fti-7)different of rice spciment (ir66) (ប្រសិទ្ធភាពនៃការប្រើប្រាស់ជីធម្មជាតិ(អែហ្វ ធី អាចសេវន)កំរិតខុសៗគ្នាលើពូជស្រូវអ៊ីអ៊ែ៦៦ | ||
| 300 |
_axi, 41p. _bill. _c29cm. |
||
| 942 |
_2ddc _cAGR |
||
| 999 |
_c1462 _d1462 |
||